000 00975nam a22002897a 4500
001 BR9212099
003 BR-BrBNA
005 20230928093749.0
007 ta
008 230509b bl.||||| |||| 00| 0 por d
040 _aBR-BrBNA
_bpor
_cBiblioteca Nacional de Agricultura
041 _a(Por)
072 _aE11
090 _ E11 BR9212099
100 1 _aLima, A. da C.
100 1 _aScandizzo, P.L.
110 1 _aSuperintendencia do Desenvolvimento do Nordeste, Fortaleza, CE (Brasil)
_910124
111 1 _a2. Seminario de Planejamento Agricola
_cFortaleza, CE (Brazil)
_d15-19 Jul 1974
245 1 _a2. Seminario de Planejamento Agricola; pesquisa para determinacao do tamanho tipico da unidade de producao agricola do nordeste brasileiro
260 3 _aFortaleza, CE (Brasil):
_c1974.
300 _a29 p.
650 _aPlanejamento Agricola
650 _aPesquisa Agricola
650 _aRegiao Nordeste
909 _a202309
_bLucia
_c55
_dLucia Elande
942 _cBK
999 _c46964
_d46964